000 00835nas a2200301 4500
001 BR9208774
003 BR-BrBNA
005 20231205093149.0
007 ta
008 230509b bl.|||p| |||| 00| 00por d
040 _aBR-BrBNA
_bpor
_cBiblioteca Nacional de Agricultura
041 _a(Pt)
072 _aL74
100 1 _aBrown, R.H.
245 1 _aDefinicao das alteracoes observadas em membros de aves
650 _aFRANGO DE CORTE
650 _aGALINHA PARA POSTURA
650 _aDISTURBIO ANIMAL
650 _aMALFORMACAO
650 _aOSSO
650 _aRAQUITISMO
650 _aOSTEOPOROSE
650 _aPERNA
650 _aPRATICO
773 0 _tAvicultura Industrial (Brazil)
_xISSN 0101-2258
_g(Mar 1988), v. 78(939) p. 20-21
_wBR9208774
909 _a202311
_bLúcia
_c55
_dLúcia Elande
942 _2AGRIS
_n0
_cANA
999 _c136568
_d136568